000 00787nam a2200229 4500
001 45853
021 _bB. 38762-2001
090 _a45853
100 _a20221116d2001 m y0pory50030103ba
101 0 _apor
102 _aPT
200 1 _aPortugal memórias das cidades
_fed. e coord. António Rego Chaves
_gredacão Carlos Albino... [et al.]
_gdesign gráf. José Campos de Carvalho
_gfot. Amin Chaar... [et al.]
210 9 _aLisboa
_cDiário de Notícias,
_dD.L. 2001
215 _a211, [2] p.
_cil.
_d22 cm
317 _aDoa—cão de Ana Rita Palmeirim
317 _aBiblioteca Matilde Rosa Araújo
675 _a908(469)"195/199"
_vBN
_zpor
702 1 _aChaves,
_bAntónio Rego
_4340
702 1 _aAlbino,
_bCarlos,
_f1945-
_4070
702 0 _aAmin,
_bChaar
_4600
801 0 _aPT
_bBN
_gRPC
990 _cLIVROS